Loading...
| Science - Chemistry | 0 | 9 | 1 | 3 | 85 | 49 | 111.00 | 3 | 4 | 0.00 | 0.00 |
| Literature - European | 0 | 7 | 1 | 2 | 65 | 52 | 109.14 | 3 | 3 | 0.00 | 0.00 |
| Science - Biology | 0 | 6 | 1 | 3 | 55 | 42 | 114.33 | 0 | 0 | 0.00 | 0.00 |
| Literature - World | 0 | 6 | 1 | 1 | 55 | 69 | 100.00 | 0 | 1 | 0.00 | 0.00 |
| Literature - American | 0 | 6 | 2 | 0 | 50 | 11 | 74.33 | 2 | 2 | 0.00 | 0.00 |
| Philosophy | 0 | 4 | 0 | 1 | 40 | 60 | 91.50 | 1 | 2 | 0.00 | 0.00 |
| Literature - British | 0 | 4 | 1 | 2 | 35 | 107 | 131.25 | 0 | 1 | 0.00 | 0.00 |
| Fine Arts - Other | 0 | 4 | 1 | 0 | 35 | 70 | 101.00 | 1 | 1 | 0.00 | 0.00 |
| Fine Arts - Classical Music | 0 | 5 | 4 | 1 | 30 | 67 | 107.80 | 0 | 0 | 0.00 | 0.00 |
| Geography | 0 | 3 | 0 | 2 | 30 | 119 | 131.33 | 1 | 1 | 0.00 | 0.00 |
| Science - Physics | 0 | 4 | 3 | 1 | 25 | 95 | 117.25 | 0 | 1 | 0.00 | 0.00 |
| History - American | 0 | 3 | 2 | 0 | 20 | 72 | 84.00 | 0 | 2 | 0.00 | 0.00 |
| History - European | 0 | 2 | 0 | 1 | 20 | 67 | 98.00 | 0 | 1 | 0.00 | 0.00 |
| Other Academic | 0 | 2 | 1 | 1 | 15 | 118 | 132.00 | 0 | 0 | 0.00 | 0.00 |
| History - World | 0 | 2 | 1 | 0 | 15 | 73 | 93.50 | 0 | 1 | 0.00 | 0.00 |
| Science - Other | 0 | 2 | 1 | 0 | 15 | 80 | 94.00 | 0 | 2 | 0.00 | 0.00 |
| Social Science | 0 | 2 | 2 | 1 | 10 | 98 | 117.50 | 1 | 1 | 0.00 | 0.00 |
| Current Events | 0 | 1 | 1 | 1 | 5 | 150 | 150.00 | 0 | 0 | 0.00 | 0.00 |
| Fine Arts - Painting & Sculpture | 0 | 0 | 1 | 0 | -5 | 0.00 | 0 | 0 | 0.00 | 0.00 |